MARC details
| 000 -BAŞLIK |
| Sabit Uzunlukta Kontrol Alanı |
02192na a2200433 4500 |
| 001 - KONTROL NUMARASI |
| Denetim Alanı |
22692 |
| 003 - KONTROL NUMARASI IDENTIFIER |
| Denetim Alanı |
MIRAKIL |
| 005 - SON İŞLEM TARİHİ VE ZAMANI |
| Denetim Alanı |
20181213154959.0 |
| 008 - SABİT-BOY VERİ ELEMANLARI - GENEL BİLGİLER |
| Sabit Uzunlukta Kontrol Alanı |
170223b tu 000 0 |
| 040 ## - KATALOGLAMA KAYNAK |
| Orijinal Kataloglama Ajansı |
Milas |
| Kataloglama Dili |
tur |
| Metne Dönüştürmek Ajansı |
TR-AnCHP |
| 041 ## - DİL KODU |
| Metin / Ses Parça Veya Ayrı Başlığın Dil Kodu |
tur |
| 082 ## - DEWEY ONLU SINIFLANDIRMA NUMARASI |
| Sınıflandırma Numarası |
CHP 305.23 |
| Ürün Numarası |
C3634g [2008-2010] |
| 090 ## - SINIFLAMA NUMARASI |
| Sınıflama Numarası |
CHP 305.23 C3634g [2008-2010] |
| 091 ## - MICROFILM RAF YER (AM) [OBSOLETE] |
| Mikrofilm Raf Yeri |
GENÇLİK 3 |
| 110 ## - ANA GİRİŞ - KURUMSAL ADI |
| Giriş Elemanı Olarak Kurumsal Ad Veya Yargı Alanı Adı |
Cumhuriyet Halk Partisi (CHP) |
| Alt Birim |
Gençlik Kolları |
| -- |
Kocaeli İl Kolu |
| 222 ## - ANAHTAR ADI |
| Anahtar Başlık |
Gençlik raporları |
| 245 ## - BAŞLIK TABLOSU |
| Başlık |
[CHP Kocaeli İl Gençlik Kollarının bazı faaliyet ve raporları] |
| Sorumluluk Tablosu, Vb |
CHP Kocaeli Gençlik Kolları |
| 246 ## - UNVAN FORM VARYING |
| Başlık Doğru / Kısa Başlığı |
CHP Kocaeli il gençlik kolları çalışma raporları |
| 260 ## - YAYIN, DAĞITIM, VB |
| Yayın, Dağıtım, Vb Yeri |
Ankara |
| Yayıncı, Dağıtıcı, Vs Adı |
CHP Kocaeli Gençlik Kolları |
| Yayın, Dağıtım, Vb Tarihi |
[2008-2010] |
| 300 ## - FİZİKSEL TANIM |
| Kapsam |
c |
| Boyutlar |
30 sm. |
| 440 ## - SERİSİ TABLOSU / KATMA GİRİŞİ - BAŞLIK |
| Başlık |
Cumhuriyet Halk Partisi yayınları |
| Bir İşin Parçası / Bölümün İsmi |
Raporlar |
| 505 ## - BİÇİMLENDİRİLDİ İÇİNDEKİLER NOT |
| Biçimlendirilmiş İçeriği Dikkat |
1)CHP Kocaeli İl Gençlik Kolları faaliyet rapor: Şubat-Haziran 2008 - 2) CHP Kocaeli İl Gençlik Kolları Başkanlığı 2010 yılı çalışma raporu : (Ocak-Nisan 2010) [2008-2010 yılları çalışma raporları] - 3) "41 Kere maşallah - AKP yolsuzlukları" projesi -- 4) "41 Kere maşallah - AKP yolsuzlukları sergisi - 5) 2008-2010 yılları gazete küpürleri |
| 610 ## - KONU KATMA GİRİŞ - TOPLANTI ADI |
| Giriş Elemanı Olarak Kurumsal Ad Veya Yargı Alanı Adı |
CHP |
| Alt Birim |
Gençlik Kolları |
| -- |
Kocaeli İl Kolu |
| Kronolojik Alt Bölüm |
Çalışma raporları |
| 610 ## - KONU KATMA GİRİŞ - TOPLANTI ADI |
| Giriş Elemanı Olarak Kurumsal Ad Veya Yargı Alanı Adı |
CHP |
| Genel Alt Bölüm |
Raporlar |
| Kronolojik Alt Bölüm |
Gençlik |
| 650 ## - KONU KATMA GİRİŞ - TOPİKAL DÖNEM |
| Topikal Süreli Veya Coğrafi Ad Giriş Elemanı |
Gençlik |
| Genel Alt Bölümü |
Raporlar |
| Coğrafi Alt Bölümü |
Türkiye |
| 650 ## - KONU KATMA GİRİŞ - TOPİKAL DÖNEM |
| Topikal Süreli Veya Coğrafi Ad Giriş Elemanı |
Gençler |
| Genel Alt Bölümü |
Siyasal katılım |
| Coğrafi Alt Bölümü |
Türkiye |
| 740 ## - KATMA GİRİŞ - KONTROLSUZ İLGİLİ / ANALİTİK BAŞLIK |
| Kontrol Edilmeyen / İlgili Analitik Başlıktaki |
CHP gençlik raporları |
| 740 ## - KATMA GİRİŞ - KONTROLSUZ İLGİLİ / ANALİTİK BAŞLIK |
| Kontrol Edilmeyen / İlgili Analitik Başlıktaki |
2008-2010 yılları gazete küpürleri/ CHP Kocaeli İl Gençlik Kolları |
| 740 ## - KATMA GİRİŞ - KONTROLSUZ İLGİLİ / ANALİTİK BAŞLIK |
| Kontrol Edilmeyen / İlgili Analitik Başlıktaki |
CHP Kocaeli İl Gençlik Kolları faaliyet rapor: Şubat-Haziran 2008 |
| 740 ## - KATMA GİRİŞ - KONTROLSUZ İLGİLİ / ANALİTİK BAŞLIK |
| Kontrol Edilmeyen / İlgili Analitik Başlıktaki |
CHP gençlik kolları çalışma raporları |
| 740 ## - KATMA GİRİŞ - KONTROLSUZ İLGİLİ / ANALİTİK BAŞLIK |
| Kontrol Edilmeyen / İlgili Analitik Başlıktaki |
CHP Kocaeli İl gençlik Kolu çalışma raporu: 1963-1965 |
| 740 ## - KATMA GİRİŞ - KONTROLSUZ İLGİLİ / ANALİTİK BAŞLIK |
| Kontrol Edilmeyen / İlgili Analitik Başlıktaki |
CHP Kocaeli İl Gençlik Kolları Başkanlığı 2010 yılı çalışma raporu : (Ocak-Nisan 2010) |
| 740 ## - KATMA GİRİŞ - KONTROLSUZ İLGİLİ / ANALİTİK BAŞLIK |
| Kontrol Edilmeyen / İlgili Analitik Başlıktaki |
CHP Kocaeli İl Gençlik Kolları 2008-2010 yılları çalışma raporları |
| 740 ## - KATMA GİRİŞ - KONTROLSUZ İLGİLİ / ANALİTİK BAŞLIK |
| Kontrol Edilmeyen / İlgili Analitik Başlıktaki |
41 Kere maşallah - AKP yolsuzlukları projesi |
| 740 ## - KATMA GİRİŞ - KONTROLSUZ İLGİLİ / ANALİTİK BAŞLIK |
| Kontrol Edilmeyen / İlgili Analitik Başlıktaki |
41 Kere maşallah - AKP yolsuzlukları sergisi |
| 830 ## - SERİSİ EKLENDİ GİRİŞ - ÜNİFORM ADI |
| Üniforma Başlık |
CHP raporları |
| 942 ## - EKLENDİ GİRİŞ ELEMANLARI (KOHA) |
| Sınıflandırma Veya Raf Düzeni Kaynak |
Dewey Decimal Classification |
| Koha Öğesi Türü |
Books |
| 999 ## - SİSTEM KONTROL NUMARALARI (KOHA) |
| Koha Biblionumber |
4276 |
| Koha Biblioitemnumber |
4276 |